| 000 -ლიდერი |
| ფიქსირებული სიგრძის საკონტროლო ველი |
01475nam a2200277Ia 4500 |
| 001 - საკონტროლო ნომერი |
| საკონტროლო ველი |
223 |
| 003 - საკონტროლო ნომრის იდენტიფიკატორი |
| საკონტროლო ველი |
GE_BSU |
| 005 - ბოლო ოპერაციის თარიღი და დრო |
| საკონტროლო ველი |
20200122113057.0 |
| 008 - ფიქსირებული სიგრძის მონაცემთა ელემენტები - ზოგადი ინფორმაცია |
| ფიქსირებული სიგრძის საკონტროლო ველი |
181216s2009||||ge |||||||||||||| ||geo|| |
| 020 ## - წიგნის საერთაშორისო სტანდარტული ნომერი |
| International Standard Book Number |
9789941150517 |
| 040 ## - კატალოგიზაციის წყარო |
| Transcribing agency |
GE_BSU |
| 041 ## - ენის კოდი |
| Language code of text/sound track or separate title |
geo |
| 080 ## - უნივერსალური ათობითი კლასიფიკაციის ინდექსი |
| Universal Decimal Classification number |
581.1 ბ-33 |
| 245 ## - ცნობა სათაურის შესახებ |
| Title |
ბაღის მცენარეები : |
| Remainder of title |
გაშენება და მოვლა / |
| Statement of responsibility, etc |
[ფილ კლეიტონი ; ფოტოგრაფი მარკ ვინვუდი ; მთარგმნ. ციცო ხოცუაშვილი ; რედ.: თამარ გავაშელიშვილი, მარინე სოხაძე]. |
| 264 ## - წარმოების, გამოცემის, დისტრიბუციის და სხვა ცნობები |
| გამოცემის, წარმოების, დისტრიბუციის... ადგილი |
თბილისი : |
| გამოცემის, წარმოების, დისტრიბუციის... სახელწოდება |
ბაკურ სულაკაური, |
| გამოცემის, წარმოების, დისტრიბუციის... თარიღი |
2009. |
| 300 ## - ფიზიკური აღწერა |
| Extent |
160 გვ.: |
| Other physical details |
ილ.; |
| Dimensions |
23 სმ. |
| 500 ## - ზოგადი შენიშვნა |
| General note |
თავფურ. და გარეკანზე ავტ. მითით. არ არის. |
| 501 ## - შენიშვნა თანმხლებ მასალაზე |
| With note |
მცენარეთა საძ.: გვ. 156-159. |
| 653 ## - INDEX TERM--UNCONTROLLED |
| Uncontrolled term |
ბოტანიკა |
| 653 ## - INDEX TERM--UNCONTROLLED |
| Uncontrolled term |
დეკორატიული მებაღეობა |
| 700 ## - ADDED ENTRY--PERSONAL NAME |
| Personal name |
ხოცუაშვილი, ციცო |
| Relator term |
მთარგმნელი |
| 9 (RLIN) |
6306 |
| 700 ## - ADDED ENTRY--PERSONAL NAME |
| Personal name |
გავაშელიშვილი, თამარ |
| Relator term |
რედაქტორი |
| 9 (RLIN) |
6307 |
| 700 ## - ADDED ENTRY--PERSONAL NAME |
| Personal name |
სოხაძე, მარინე |
| Relator term |
რედაქტორი |
| 9 (RLIN) |
6308 |
| 942 ## - ADDED ENTRY ELEMENTS (KOHA) |
| Koha item type |
წიგნი |
| Source of classification or shelving scheme |
|